00924 2200193 4500001002100000005001500021035002000036245005000056100001600106250001700122300002800139260003900167082000800206084001400214020002200228650002100250520044100271500001800712INLIS00000000000002520240319065705 a0010-03240000251 aApa Itu Mubah :bWhat Is Mubah /cAli Muakhir0 aAli Muakhir acetakan ke-1 a32 hlm :bilus ;c18 cm aJakarta :bBumi Aksara Kids,c2009 a2X4 a2X4 ALI a a978-979-010-515-7 4aCerita Bergambar aWhat is Mubah Apa itu Mubah? Kalian pernah mendengar tentang Hukum Mubah? Kalian tahu maksudnya? Mubah adalah sesuatu yang tidak dilarang untuk mengerjakannya, tetapi juga tidak dianjurkan untuk mengerjakannya. Perbuatan yang dimubahkan misalnya, bercanda, berwudhu dengan air laut, dan sebagainya. Dalam buku ini, beberapa contoh perbuatan yang dimubahkan, dijelaskan dengan sangat menghibur, sehingga kalian mudah memahaminya aSeri Muamalah